[Event "Cambridge op 2nd"]
[Site "Cambridge"]
[Date "2024.02.24"]
[Round "9"]
[White "Hutchinson, Norman A"]
[Black "Orton, Stephen LA"]
[Result "0-1"]
[WhiteElo "1962"]
[BlackElo "2154"]
[PlyCount "48"]
[EventDate "2024.02.19"]
[EventType "swiss"]
[EventRounds "9"]
[EventCountry "ENG"]
[SourceTitle "CB09_2024"]
[SourceDate "2024.02.28"]
[SourceVersion "1"]
[SourceVersionDate "2024.02.28"]
[SourceQuality "1"]

1. e4 c5 2. c3 d6 3. d4 Nf6 4. Bd3 g6 5. Ne2 Bg7 6. 0-0 0-0 7. Nd2 Nc6 8. d5 Ne5 9. Bc2 e6 10. c4 b5 11. dxe6 fxe6 12. cxb5 Nfg4 13. g3 Rxf2 14. Rxf2 Ne3 15. Qf1 Nxf1 16. Nxf1 a6 17. bxa6 Bxa6 18. Nf4 Ng4 19. Rf3 Qe7 20. Nd2 Bd4+ 21. Kh1 Ne5 22. Ra3 g5 23. Ne2 Bxe2 24. Rxa8+ Kg7 0-1

[Event "Cambridge op 2nd"]
[Site "Cambridge"]
[Date "2024.02.22"]
[Round "6"]
[White "Prince, Alan R"]
[Black "Hutchinson, Norman A"]
[Result "1/2-1/2"]
[WhiteElo "1641"]
[BlackElo "1962"]
[PlyCount "130"]
[EventDate "2024.02.19"]
[EventType "swiss"]
[EventRounds "9"]
[EventCountry "ENG"]
[SourceTitle "CB09_2024"]
[SourceDate "2024.02.28"]
[SourceVersion "1"]
[SourceVersionDate "2024.02.28"]
[SourceQuality "1"]

1. Nf3 Nf6 2. g3 c6 3. Bg2 d5 4. d3 Bg4 5. h3 Bxf3 6. Bxf3 e5 7. Nd2 Nbd7 8. 0-0 Bc5 9. e4 0-0 10. c3 dxe4 11. dxe4 Qc7 12. b4 Be7 13. Bb2 Rfd8 14. Qe2 Nf8 15. Rfd1 Rd7 16. Nc4 Rad8 17. Rxd7 Rxd7 18. Rd1 Rxd1+ 19. Qxd1 b5 20. Ne3 Qd7 21. Qxd7 N8xd7 22. Ng4 Kf8 23. Nxf6 Nxf6 24. Bc1 Ke8 25. Be3 a6 26. Kf1 Kd7 27. Ke2 c5 28. a3 Kc6 29. Bg2 Ne8 30. f4 f6 31. Bf3 cxb4 32. axb4 Bd8 33. Kd3 Bb6 34. Bd1 Bxe3 35. Kxe3 Nd6 36. Bb3 Nc4+ 37. Kd3 Nd6 38. Ke3 Kb6 39. Kd3 a5 40. bxa5+ Kxa5 41. Ke3 Kb6 42. Kd3 Kc5 43. Be6 Ne8 44. Bb3 Nc7 45. Bf7 Na8 46. Bb3 Nc7 47. Bf7 Na6 48. Bb3 Nb8 49. Be6 Nc6 50. Bf7 exf4 51. gxf4 g5 52. Ke3 h6 53. Kf3 b4 54. cxb4+ Nxb4 55. Kg4 Nd3 56. fxg5 fxg5 57. Kh5 Kd4 58. Kxh6 g4 59. hxg4 Ne5 60. Bg6 Nxg4+ 61. Kg5 Ne5 62. Bf5 Nf3+ 63. Kf6 Ne5 64. Kg5 Nf3+ 65. Kf4 Ne5 1/2-1/2

[Event "Cambridge op 2nd"]
[Site "Cambridge"]
[Date "2024.02.21"]
[Round "5"]
[White "Hutchinson, Norman A"]
[Black "Martin, Lewis"]
[Result "0-1"]
[WhiteElo "1962"]
[BlackElo "2144"]
[PlyCount "106"]
[EventDate "2024.02.19"]
[EventType "swiss"]
[EventRounds "9"]
[EventCountry "ENG"]
[SourceTitle "CB09_2024"]
[SourceDate "2024.02.28"]
[SourceVersion "1"]
[SourceVersionDate "2024.02.28"]
[SourceQuality "1"]

1. e4 c6 2. d4 d5 3. e5 Bf5 4. h4 h5 5. c4 e6 6. Nc3 Nd7 7. Nge2 Ne7 8. Bg5 Qc7 9. Ng3 Bg6 10. Bd3 Bxd3 11. Qxd3 f6 12. exf6 gxf6 13. Be3 Nb6 14. cxd5 Nexd5 15. 0-0 0-0-0 16. Rac1 Kb8 17. Qe2 Qf7 18. Qf3 Be7 19. Rfe1 Rdg8 20. Nge4 Rg4 21. g3 Qg6 22. Kf1 Rf8 23. Nxd5 Nxd5 24. Nc3 Nb4 25. Bf4+ e5 26. dxe5 fxe5 27. Bxe5+ Ka8 28. Qe3 Nc2 29. Rxc2 Qxc2 30. Bd4 Bd8 31. Qe6 Qf5 32. Qxf5 Rxf5 33. Be5 b5 34. Bd6 Bb6 35. Re8+ Kb7 36. Bf4 Rgxf4 37. gxf4 Rxf4 38. Ne4 Rxh4 39. Re7+ Kc8 40. Nd6+ Kd8 41. Rf7 Rd4 42. Nf5 Rf4 43. Nd6 Rxf7 44. Nxf7+ Ke7 45. Ne5 Kd6 46. Nd3 c5 47. Nf4 h4 48. Ng2 Bd8 49. Nf4 c4 50. Ke2 a5 51. Nh3 Bf6 52. b3 cxb3 53. axb3 a4 0-1

[Event "Cambridge op 2nd"]
[Site "Cambridge"]
[Date "2024.02.20"]
[Round "3"]
[White "Berkley, Stephen W"]
[Black "Hutchinson, Norman A"]
[Result "1/2-1/2"]
[WhiteElo "1667"]
[BlackElo "1962"]
[PlyCount "68"]
[EventDate "2024.02.19"]
[EventType "swiss"]
[EventRounds "9"]
[EventCountry "ENG"]
[SourceTitle "CB09_2024"]
[SourceDate "2024.02.28"]
[SourceVersion "1"]
[SourceVersionDate "2024.02.28"]
[SourceQuality "1"]

1. d4 Nf6 2. c4 e6 3. Nc3 Bb4 4. g3 d5 5. Nf3 0-0 6. Bg2 Nbd7 7. 0-0 c6 8. cxd5 exd5 9. Qb3 Bd6 10. Qd1 Re8 11. Nd2 Bb4 12. a3 Bxc3 13. bxc3 Qa5 14. c4 Qc3 15. Qb3 Qxb3 16. Nxb3 dxc4 17. Na5 Nb6 18. Re1 Ne4 19. Bf4 g5 20. Bxe4 gxf4 21. Bf3 fxg3 22. hxg3 Re7 23. e3 Be6 24. Rac1 Rd8 25. Be2 Rd5 26. Nxc4 Nxc4 27. Bxc4 Ra5 28. Bxe6 Rxe6 29. Rc3 Rh6 30. Rb1 b6 31. Rb4 Rah5 32. Ra4 Rh1+ 33. Kg2 R1h2+ 34. Kg1 Rh1+ 1/2-1/2

[Event "ENG-ch Seniors 65"]
[Site "Leamington Spa"]
[Date "2023.05.04"]
[Round "1"]
[White "Seymour, Paul"]
[Black "Hutchinson, Norman A"]
[Result "0-1"]
[WhiteElo "1599"]
[BlackElo "1968"]
[PlyCount "82"]
[EventDate "2023.05.04"]
[EventType "swiss"]
[EventRounds "7"]
[EventCountry "ENG"]
[SourceTitle "CBM 214 Extra"]
[Source "ChessBase"]
[SourceDate "2023.07.31"]
[SourceVersion "1"]
[SourceVersionDate "2023.07.31"]
[SourceQuality "1"]

1. d4 Nf6 2. Bf4 c5 3. e3 d5 4. c3 e6 5. Nf3 Bd6 6. Bg3 Qc7 7. Bxd6 Qxd6 8. Ne5 Nc6 9. Nd2 Nxe5 10. dxe5 Qxe5 11. Nf3 Qc7 12. Bd3 Bd7 13. 0-0 Bc6 14. Re1 0-0 15. Qe2 e5 16. Bb5 e4 17. Nd2 Bxb5 18. Qxb5 Ng4 19. Nf1 Rad8 20. Red1 Ne5 21. Qe2 Rd6 22. b3 Rfd8 23. Rd2 Nd3 24. Ng3 g6 25. c4 f5 26. f3 Ne5 27. cxd5 exf3 28. gxf3 Rxd5 29. Rxd5 Rxd5 30. Rd1 Qd7 31. Rxd5 Qxd5 32. Kg2 Qd3 33. Qxd3 Nxd3 34. Ne2 Kf7 35. f4 Ke6 36. Kf3 a6 37. e4 b5 38. a3 Ne1+ 39. Kf2 Nc2 40. exf5+ Kxf5 41. a4 b4 0-1

[Event "Cambridge op"]
[Site "Cambridge"]
[Date "2023.02.19"]
[Round "9"]
[White "Hutchinson, Norman A"]
[Black "Gonzales, Ceferino"]
[Result "1-0"]
[WhiteElo "1974"]
[BlackElo "1509"]
[PlyCount "59"]
[EventDate "2023.02.15"]
[EventType "swiss"]
[EventRounds "9"]
[EventCountry "ENG"]
[SourceTitle "CBM 212 Extra"]
[Source "ChessBase"]
[SourceDate "2023.03.31"]
[SourceVersion "1"]
[SourceVersionDate "2023.03.31"]
[SourceQuality "1"]

1. e4 d6 2. d4 Nf6 3. Nc3 c6 4. Nf3 g6 5. Bg5 Bg7 6. Qd2 h6 7. Bf4 g5 8. Bg3 Nh5 9. Be2 Nxg3 10. hxg3 Qa5 11. 0-0 Bg4 12. Rfd1 Nd7 13. a3 c5 14. b4 cxb4 15. axb4 Qd8 16. Nd5 e6 17. Ne3 Bh5 18. Nc4 Qc7 19. Ra3 Ke7 20. Rda1 a6 21. b5 Rac8 22. bxa6 d5 23. Qb4+ Nc5 24. exd5 exd5 25. Nb6 Kd8 26. Nxc8 Nxa6 27. Bxa6 Bf8 28. Qxb7 Bxa3 29. Qxd5+ Ke8 30. Rxa3 1-0

[Event "Cambridge op"]
[Site "Cambridge"]
[Date "2023.02.18"]
[Round "7"]
[White "Hutchinson, Norman A"]
[Black "Walker, Martin Graham"]
[Result "0-1"]
[WhiteElo "1974"]
[BlackElo "2133"]
[PlyCount "54"]
[EventDate "2023.02.15"]
[EventType "swiss"]
[EventRounds "9"]
[EventCountry "ENG"]
[SourceTitle "CBM 212 Extra"]
[Source "ChessBase"]
[SourceDate "2023.03.31"]
[SourceVersion "1"]
[SourceVersionDate "2023.03.31"]
[SourceQuality "1"]

1. e4 Nf6 2. e5 Nd5 3. d4 d6 4. c4 Nb6 5. exd6 cxd6 6. Nc3 g6 7. Be3 Bg7 8. Rc1 0-0 9. b3 Nc6 10. Nf3 Bg4 11. Be2 e5 12. d5 Bxf3 13. Bxf3 Nd4 14. Bxd4 exd4 15. Ne2 Nd7 16. 0-0 Qb6 17. Be4 Rfe8 18. Bd3 Nc5 19. Qc2 Re7 20. Rfd1 Rae8 21. Ng3 Qa5 22. Kf1 Bh6 23. Rb1 Nxd3 24. Qxd3 Qc3 25. Qf3 d3 26. Kg1 Qc2 27. Qxd3 Re1+ 0-1

[Event "Cambridge op"]
[Site "Cambridge"]
[Date "2023.02.16"]
[Round "4"]
[White "Murawski, Jan"]
[Black "Hutchinson, Norman A"]
[Result "0-1"]
[WhiteElo "1708"]
[BlackElo "1974"]
[PlyCount "80"]
[EventDate "2023.02.15"]
[EventType "swiss"]
[EventRounds "9"]
[EventCountry "ENG"]
[SourceTitle "CBM 212 Extra"]
[Source "ChessBase"]
[SourceDate "2023.03.31"]
[SourceVersion "1"]
[SourceVersionDate "2023.03.31"]
[SourceQuality "1"]

1. d4 Nf6 2. c4 e6 3. Nc3 Bb4 4. g3 0-0 5. Bg2 d5 6. Qb3 Nc6 7. Nf3 dxc4 8. Qxc4 Nd5 9. 0-0 Nxc3 10. bxc3 Be7 11. e4 Na5 12. Qb5 b6 13. Qh5 Qe8 14. e5 Bb7 15. Ng5 h6 16. Bxb7 Nxb7 17. Ne4 f5 18. Qxe8 Raxe8 19. Nd2 c5 20. Nf3 Na5 21. dxc5 Bxc5 22. Nd4 Nc4 23. Re1 Rf7 24. Nb3 Bf8 25. a4 Rd7 26. Nd4 Kf7 27. h4 Rc8 28. Bf4 Rd5 29. Rab1 a6 30. Rbd1 Nb2 31. Ra1 Rxc3 32. Be3 Bc5 33. Ne2 Rc4 34. a5 Bxe3 35. axb6 Bxb6 36. Reb1 Rb5 37. Rxa6 Rc2 38. Kf1 Bxf2 39. Kxf2 Rxe5 40. Ra2 Nd3+ 0-1

[Event "GBR-ch 65+ 106th"]
[Site "Torquay"]
[Date "2019.08.04"]
[Round "7.5"]
[White "Hutchinson, Norman A"]
[Black "Burnett, Jim"]
[Result "1/2-1/2"]
[WhiteElo "1983"]
[BlackElo "2018"]
[PlyCount "58"]
[EventDate "2019.07.29"]
[EventType "swiss"]
[EventRounds "7"]
[EventCountry "ENG"]
[SourceTitle "EXT 2021"]
[Source "ChessBase"]
[SourceDate "2020.10.23"]
[SourceVersion "1"]
[SourceVersionDate "2020.10.23"]
[SourceQuality "1"]

1. e4 e6 2. d4 d5 3. Nd2 Nf6 4. e5 Nfd7 5. Ngf3 c5 6. c3 Nc6 7. Bd3 g6 8. h4 h6 9. Bc2 b5 10. a3 Qb6 11. Nf1 cxd4 12. cxd4 Bb7 13. Be3 0-0-0 14. N1d2 Na5 15. b3 b4 16. axb4 Bxb4 17. Kf1 Ba6+ 18. Kg1 Kb7 19. Ne1 Nc6 20. Ndf3 Be7 21. g3 Nb4 22. Bb1 Qb5 23. Nc2 Qe2 24. Kg2 Nb8 25. Nxb4 Bxb4 26. Ra2 Qxd1 27. Rxd1 Nc6 28. Ne1 Be7 29. Bd3 Bxd3 1/2-1/2

[Event "GBR-ch 65+ 106th"]
[Site "Torquay"]
[Date "2019.07.29"]
[Round "1"]
[White "Cresswell, Mike J"]
[Black "Hutchinson, Norman A"]
[Result "1/2-1/2"]
[WhiteElo "1685"]
[BlackElo "1983"]
[PlyCount "64"]
[EventDate "2019.07.29"]
[EventType "swiss"]
[EventRounds "7"]
[EventCountry "ENG"]
[SourceTitle "EXT 2020"]
[Source "ChessBase"]
[SourceDate "2019.10.17"]
[SourceVersion "1"]
[SourceVersionDate "2019.10.17"]
[SourceQuality "1"]

1. e4 c6 2. d4 d5 3. Nc3 dxe4 4. Nxe4 Bf5 5. Ng3 Bg6 6. Nf3 Nd7 7. Bd3 e6 8. 0-0 Bd6 9. Re1 Ngf6 10. Ne4 Nxe4 11. Bxe4 Qc7 12. h3 Nf6 13. Bxg6 hxg6 14. c4 0-0-0 15. Qa4 Kb8 16. c5 Bf4 17. Bxf4 Qxf4 18. Re3 Nd5 19. Ra3 a6 20. Rb3 Kc8 21. Ne5 Rh5 22. Rf3 Qe4 23. Nxf7 Nf4 24. Nxd8 Rg5 25. Qb3 Rxg2+ 26. Kh1 Rxf2 27. Qxb7+ Kxd8 28. Qb8+ Ke7 29. Qc7+ Ke8 30. Qc8+ Ke7 31. Qc7+ Ke8 32. Qc8+ Ke7 1/2-1/2

[Event "Stevenage 4NCL Easter op"]
[Site "Stevenage"]
[Date "2019.04.20"]
[Round "3"]
[White "Hutchinson, Norman A"]
[Black "Merriman, John"]
[Result "0-1"]
[WhiteElo "2041"]
[BlackElo "2238"]
[PlyCount "106"]
[EventDate "2019.04.19"]
[EventType "swiss"]
[EventRounds "7"]
[EventCountry "ENG"]
[SourceTitle "CBM 189 Extra"]
[Source "ChessBase"]
[SourceDate "2019.06.03"]
[SourceVersion "1"]
[SourceVersionDate "2019.06.03"]
[SourceQuality "1"]

1. e4 e6 2. d4 d5 3. Nd2 Be7 4. Ngf3 Nf6 5. e5 Nfd7 6. c3 c5 7. Bd3 Nc6 8. 0-0 a5 9. Re1 cxd4 10. cxd4 Qb6 11. Qa4 0-0 12. Nb1 Qb4 13. Qd1 f5 14. Nc3 Qb6 15. Nb5 Qd8 16. b3 Nb6 17. Ba3 Nb4 18. Bf1 Bd7 19. Nc3 Rc8 20. Bb2 Be8 21. a3 Nc6 22. Qd3 g5 23. Rec1 Bg6 24. Ne1 f4 25. Qd1 Qe8 26. Nb1 Qf7 27. Nd2 h5 28. h3 Qh7 29. Be2 Kf7 30. Nf1 Rh8 31. Bd3 Rcg8 32. Bxg6+ Qxg6 33. Qd3 g4 34. Qxg6+ Kxg6 35. Nd3 Kf5 36. g3 fxg3 37. Nxg3+ Kg6 38. hxg4 hxg4 39. Kg2 Rf8 40. Rh1 Rxh1 41. Rxh1 Rf3 42. Rd1 a4 43. b4 Nc4 44. Bc1 b6 45. Ne2 Bg5 46. Ndf4+ Bxf4 47. Nxf4+ Kf5 48. Nd3 Ke4 49. Nb2 Nxd4 50. Nxc4 dxc4 51. Be3 Rxe3 52. fxe3 Kxe3 53. Kg3 c3 0-1

[Event "BCF-ch Seniors 65"]
[Site "Hull"]
[Date "2018.08.04"]
[Round "7"]
[White "Surtees, Michael"]
[Black "Hutchinson, Norman A"]
[Result "1-0"]
[WhiteElo "2146"]
[BlackElo "2045"]
[PlyCount "49"]
[EventDate "2018.07.29"]
[EventType "swiss"]
[EventRounds "7"]
[EventCountry "ENG"]
[SourceTitle "EXT 2021"]
[Source "ChessBase"]
[SourceDate "2020.10.23"]
[SourceVersion "1"]
[SourceVersionDate "2020.10.23"]
[SourceQuality "1"]

1. e4 c6 2. Ne2 d5 3. e5 c5 4. b4 cxb4 5. d4 Bg4 6. a3 e6 7. axb4 Bxb4+ 8. c3 Be7 9. Qb3 Qc7 10. Ng3 g6 11. Na3 Bxa3 12. Bxa3 Nc6 13. Bd6 Qc8 14. h3 Bf5 15. Nxf5 gxf5 16. g4 Nge7 17. Bd3 0-0 18. Qa3 Re8 19. Qc1 Kh8 20. Qh6 Ng6 21. Kd2 Nce7 22. h4 Ng8 23. Qe3 N6e7 24. gxf5 exf5 25. h5 1-0

[Event "BCF-ch Seniors 65"]
[Site "Hull"]
[Date "2018.07.30"]
[Round "2"]
[White "Hutchinson, Norman A"]
[Black "Crombleholme, Alan K"]
[Result "1-0"]
[WhiteElo "2045"]
[BlackElo "1974"]
[PlyCount "85"]
[EventDate "2018.07.29"]
[EventType "swiss"]
[EventRounds "7"]
[EventCountry "ENG"]
[SourceTitle "CBM 185 Extra"]
[Source "ChessBase"]
[SourceDate "2018.07.29"]
[SourceVersion "1"]
[SourceVersionDate "2018.07.29"]
[SourceQuality "1"]

1. e4 Nf6 2. e5 Nd5 3. d4 d6 4. c4 Nb6 5. exd6 exd6 6. Nc3 Nc6 7. Be3 Bf5 8. Nf3 Be7 9. h3 Bf6 10. Qd2 0-0 11. Be2 Re8 12. g4 Bg6 13. g5 Be7 14. Nh4 d5 15. Nxg6 hxg6 16. c5 Nc4 17. Bxc4 dxc4 18. h4 Qd7 19. Ne2 b6 20. 0-0-0 bxc5 21. dxc5 Qxd2+ 22. Rxd2 Ne5 23. Nf4 c6 24. Kc2 Rab8 25. Rh3 Red8 26. Bd4 Nd7 27. Rc3 Bxc5 28. Rxc4 Bb6 29. Rxc6 Rbc8 30. Rxc8 Rxc8+ 31. Bc3 Nc5 32. Nd5 Kf8 33. Nxb6 axb6 34. Rd6 Na4 35. Kb3 Ke7 36. Rd4 Nc5+ 37. Kc2 Ne6 38. Ra4 Kd6 39. Ra7 b5 40. Kd2 Kc5 41. Rxf7 Rh8 42. Bxg7 Rh7 43. Bd4+ 1-0

[Event "BCF-chT2 1718 (4NCL) Demotion pool"]
[Site "England"]
[Date "2018.05.07"]
[Round "11.85"]
[White "Morrison, Lynne GP"]
[Black "Hutchinson, Norman A"]
[Result "0-1"]
[WhiteElo "1854"]
[BlackElo "2050"]
[PlyCount "120"]
[EventDate "2017.11.11"]
[EventType "team-tourn"]
[EventRounds "11"]
[EventCountry "ENG"]
[SourceTitle "EXT 2020"]
[Source "ChessBase"]
[SourceDate "2019.10.17"]
[SourceVersion "1"]
[SourceVersionDate "2019.10.17"]
[SourceQuality "1"]
[WhiteTeam "Barbican Youth"]
[BlackTeam "Poisoned Pawns"]
[WhiteTeamCountry "ENG"]
[BlackTeamCountry "ENG"]

1. d4 Nf6 2. Nf3 e6 3. e3 c5 4. Bd3 Nc6 5. c3 d5 6. Nbd2 Bd6 7. 0-0 0-0 8. Re1 e5 9. dxe5 Nxe5 10. Nxe5 Bxe5 11. e4 Qc7 12. h3 Be6 13. exd5 Bxd5 14. Nf3 Bf4 15. Bxf4 Qxf4 16. Re3 Rad8 17. Qe1 Rfe8 18. Rxe8+ Rxe8 19. Qd2 Qxd2 20. Nxd2 Rd8 21. Nf1 Kf8 22. Bc2 Be6 23. a3 Rd6 24. Re1 Rb6 25. b4 cxb4 26. cxb4 Rc6 27. Ne3 Rc3 28. a4 Nd5 29. Be4 Nxb4 30. Bxb7 Ra3 31. Rc1 Rxa4 32. g4 Nd3 33. Rd1 Nf4 34. Kh2 Rb4 35. Bc6 Rb2 36. Kg3 Ne2+ 37. Kf3 Nc3 38. Ra1 Rb6 39. Ba8 Nb5 40. Kf4 a6 41. Be4 Nc3 42. Bd3 Na2 43. Kg3 Nb4 44. Be4 g6 45. h4 Ke7 46. Kf4 Rb5 47. Kg3 a5 48. Ra3 Rc5 49. Bf3 Kd6 50. h5 Kc7 51. hxg6 hxg6 52. Be4 Nd5 53. Nxd5+ Bxd5 54. Bxd5 Rxd5 55. f4 Kb6 56. Kf3 Rd4 57. Ke3 Rb4 58. Kf3 a4 59. f5 Rb3+ 60. Rxb3+ axb3 0-1

[Event "EU-ch Seniors 65 17th"]
[Site "Sabadell"]
[Date "2017.08.14"]
[Round "3"]
[White "Lederman, Leon S"]
[Black "Hutchinson, Norman A"]
[Result "1/2-1/2"]
[WhiteElo "2241"]
[BlackElo "2040"]
[PlyCount "55"]
[EventDate "2017.08.12"]
[EventType "swiss"]
[EventRounds "9"]
[EventCountry "ESP"]
[SourceTitle "CBM 180 Extra"]
[Source "ChessBase"]
[SourceDate "2017.10.06"]
[SourceVersion "1"]
[SourceVersionDate "2017.10.06"]
[SourceQuality "1"]

1. e4 c6 2. Nc3 d5 3. Nf3 Nf6 4. e5 Ne4 5. d3 Nxc3 6. bxc3 Bg4 7. h3 Bxf3 8. Qxf3 e6 9. d4 Nd7 10. Bd3 c5 11. 0-0 c4 12. Be2 g6 13. g3 Bg7 14. h4 h5 15. Kg2 f6 16. exf6 Qxf6 17. Qe3 Bh6 18. f4 Qf5 19. Rf2 Nf6 20. Bf3 0-0-0 21. a4 Rd6 22. Qe2 Ra6 23. Rf1 Rh7 24. Bb2 Nd7 25. Rfb1 Nb6 26. a5 Nd7 27. Bc1 Nf6 28. Ra4 1/2-1/2

[Event "EU-ch Seniors 65 17th"]
[Site "Sabadell"]
[Date "2017.08.13"]
[Round "2"]
[White "Hutchinson, Norman A"]
[Black "Gruzmann, Boris"]
[Result "1-0"]
[WhiteElo "2040"]
[BlackElo "2210"]
[PlyCount "113"]
[EventDate "2017.08.12"]
[EventType "swiss"]
[EventRounds "9"]
[EventCountry "ESP"]
[SourceTitle "CBM 180 Extra"]
[Source "ChessBase"]
[SourceDate "2017.10.06"]
[SourceVersion "1"]
[SourceVersionDate "2017.10.06"]
[SourceQuality "1"]

1. e4 c5 2. c3 d5 3. exd5 Qxd5 4. Nf3 Nf6 5. d4 e6 6. Na3 a6 7. Nc4 Nbd7 8. Be2 cxd4 9. Nxd4 Be7 10. 0-0 0-0 11. a4 Qc5 12. Be3 Nd5 13. Nf5 Nxe3 14. Nxe7+ Qxe7 15. Nxe3 Nf6 16. Bf3 e5 17. Re1 Be6 18. Ng4 Nxg4 19. Bxg4 f5 20. Be2 Rad8 21. Qc2 Qf7 22. c4 Rd4 23. Rad1 Rfd8 24. Rxd4 Rxd4 25. Rd1 Qd7 26. Rxd4 Qxd4 27. a5 Kf7 28. h3 Kf6 29. Qb3 Qd2 30. Bf1 Qd7 31. Qc3 Qd4 32. Qxd4 exd4 33. f4 Bd7 34. b4 Bc6 35. g3 Be4 36. Kf2 Ke6 37. Ke2 Kd6 38. Kd2 g6 39. g4 Ke6 40. g5 Kd6 41. Be2 Ke6 42. Bd1 Kd6 43. h4 Ke6 44. Kc1 Ke7 45. Ba4 Bf3 46. Kd2 Be4 47. Bd1 Ke6 48. h5 gxh5 49. Bxh5 Ke7 50. Be2 Ke6 51. Bd3 Bf3 52. b5 axb5 53. cxb5 Bg4 54. a6 bxa6 55. bxa6 Bf3 56. Bc4+ Ke7 57. Kd3 1-0

[Event "BCF-ch Seniors 65"]
[Site "Llandudno"]
[Date "2017.08.03"]
[Round "5"]
[White "Berry, Stephen"]
[Black "Hutchinson, Norman A"]
[Result "1-0"]
[WhiteElo "2293"]
[BlackElo "2040"]
[PlyCount "95"]
[EventDate "2017.07.30"]
[EventType "swiss"]
[EventRounds "7"]
[EventCountry "WLS"]
[SourceTitle "CBM 179 Extra"]
[Source "ChessBase"]
[SourceDate "2017.08.23"]
[SourceVersion "1"]
[SourceVersionDate "2017.08.23"]
[SourceQuality "1"]

1. c4 Nf6 2. Nc3 e6 3. e4 c5 4. e5 Ng8 5. Nf3 Nc6 6. d4 cxd4 7. Nxd4 Nxe5 8. Ndb5 a6 9. Nd6+ Bxd6 10. Qxd6 f6 11. Be3 Ne7 12. Bb6 Nf5 13. Qb4 Nc6 14. Qc5 Qe7 15. Qxe7+ Kxe7 16. 0-0-0 d6 17. Bd3 Nh6 18. Rhe1 Bd7 19. c5 dxc5 20. Bxc5+ Ke8 21. Nd5 Kf7 22. Nb6 Rad8 23. Bc4 Ne5 24. Rxe5 fxe5 25. Nxd7 e4 26. Kb1 Rhe8 27. Bb3 Nf5 28. Bb6 Rc8 29. g4 Ne7 30. Ne5+ Kf6 31. Bd4 Nd5 32. Re1 Ke7 33. Rxe4 Nf6 34. Re1 Red8 35. Bc3 Nd5 36. Bxd5 Rxd5 37. f4 Re8 38. Nf3 h6 39. Bxg7 Rg8 40. Bxh6 Rxg4 41. Bg5+ Kd6 42. Re2 Rd3 43. Rf2 Rd1+ 44. Kc2 Ra1 45. a3 Kd5 46. h4 Ke4 47. Nd2+ Kf5 48. Re2 1-0

[Event "BCF-ch Seniors 65"]
[Site "Llandudno"]
[Date "2017.07.30"]
[Round "1"]
[White "Goodwin, Ed H"]
[Black "Hutchinson, Norman A"]
[Result "1/2-1/2"]
[WhiteElo "1856"]
[BlackElo "2040"]
[PlyCount "102"]
[EventDate "2017.07.30"]
[EventType "swiss"]
[EventRounds "7"]
[EventCountry "WLS"]
[SourceTitle "CBM 179 Extra"]
[Source "ChessBase"]
[SourceDate "2017.08.23"]
[SourceVersion "1"]
[SourceVersionDate "2017.08.23"]
[SourceQuality "1"]

1. d4 Nf6 2. Bf4 e6 3. Nf3 d5 4. e3 c5 5. c3 Nc6 6. Bd3 Nh5 7. Bg3 Qb6 8. Qc1 Nxg3 9. hxg3 g6 10. Nbd2 Bd7 11. Qc2 c4 12. Be2 Qc7 13. e4 Bg7 14. Ng5 h6 15. Ngf3 0-0 16. 0-0 b5 17. Rfe1 b4 18. Nf1 bxc3 19. bxc3 Qa5 20. e5 Rfb8 21. Ne3 Qa3 22. Rab1 Rb6 23. Ng4 Rab8 24. Rxb6 Rxb6 25. Qd2 Kh7 26. Qf4 Be8 27. Nf6+ Bxf6 28. exf6 Qxc3 29. Qh4 h5 30. Rf1 e5 31. g4 Nxd4 32. gxh5 Nxf3+ 33. Bxf3 Qd4 34. hxg6+ Kxg6 35. Bh5+ Kf5 36. g4+ Ke6 37. Qg5 Qf4 38. Qxf4 exf4 39. Re1+ Kxf6 40. Rxe8 Rc6 41. g5+ Kxg5 42. Re5+ f5 43. Bd1 d4 44. Rd5 d3 45. Kg2 Rb6 46. Rd4 Rb1 47. Ba4 Rb4 48. Bd1 Rb1 49. Ba4 Rb4 50. Bd1 Rb1 51. Ba4 Rb4 1/2-1/2

[Event "BCF-chT3S 1617 (4NCL) Promotion pool"]
[Site "England"]
[Date "2017.03.19"]
[Round "8.36"]
[White "Myall, Ivan J"]
[Black "Hutchinson, Norman A"]
[Result "1-0"]
[WhiteElo "2057"]
[BlackElo "2062"]
[PlyCount "63"]
[EventDate "2016.11.26"]
[EventType "team-tourn"]
[EventRounds "11"]
[EventCountry "ENG"]
[SourceTitle "EXT 2019"]
[Source "ChessBase"]
[SourceDate "2018.10.10"]
[SourceVersion "1"]
[SourceVersionDate "2018.10.10"]
[SourceQuality "1"]
[WhiteTeam "Anglian Avengers II"]
[BlackTeam "Poisoned Pawns"]
[WhiteTeamCountry "ENG"]
[BlackTeamCountry "ENG"]

1. e4 c6 2. d4 d5 3. e5 Bf5 4. h4 h5 5. Bd3 Bxd3 6. Qxd3 e6 7. Bg5 Qb6 8. Nd2 Ne7 9. Ngf3 Nf5 10. 0-0 Qa6 11. c4 Nd7 12. b3 c5 13. Qc3 cxd4 14. Nxd4 Nxd4 15. Qxd4 Bc5 16. Qc3 dxc4 17. b4 Be7 18. Nxc4 f6 19. a4 Qc6 20. b5 Qc7 21. exf6 gxf6 22. Bd2 Kf7 23. Rfe1 Rac8 24. Rac1 Nc5 25. Qf3 Kg6 26. Bf4 Qd8 27. Rcd1 Qf8 28. Bd6 Rd8 29. Bxc5 Bxc5 30. Rxd8 Qxd8 31. Rxe6 Rf8 32. Ne5+ 1-0

[Event "BCF-chT3Sa 1617 (4NCL)"]
[Site "England"]
[Date "2017.01.14"]
[Round "3.33"]
[White "Hutchinson, Norman A"]
[Black "McDougall, William M"]
[Result "1-0"]
[WhiteElo "2073"]
[BlackElo "1981"]
[PlyCount "107"]
[EventDate "2016.11.26"]
[EventType "team-tourn"]
[EventRounds "11"]
[EventCountry "ENG"]
[SourceTitle "EXT 2019"]
[Source "ChessBase"]
[SourceDate "2018.10.10"]
[SourceVersion "1"]
[SourceVersionDate "2018.10.10"]
[SourceQuality "1"]
[WhiteTeam "Poisoned Pawns"]
[BlackTeam "Wessex"]
[WhiteTeamCountry "ENG"]
[BlackTeamCountry "ENG"]

1. e4 c5 2. c3 d5 3. exd5 Qxd5 4. Nf3 Nc6 5. Na3 Nf6 6. d4 cxd4 7. Nb5 Qd8 8. Nbxd4 Nxd4 9. Qxd4 Qxd4 10. Nxd4 a6 11. Bf4 g6 12. Be2 Bg7 13. Bf3 Nd7 14. Nb3 Ne5 15. Be4 f5 16. Bc2 Nc4 17. 0-0-0 e5 18. Bg5 0-0 19. Nd2 Nxd2 20. Rxd2 Be6 21. Rd6 Kf7 22. Rhd1 f4 23. f3 Rfe8 24. Rb6 Rab8 25. Ba4 Rf8 26. Rdd6 h6 27. Rxe6 hxg5 28. Bb3 Kg8 29. Rxg6+ Kh8 30. Rxg5 Bf6 31. Rg6 Bg7 32. Bd5 Rfd8 33. c4 Rbc8 34. Rgd6 Rxd6 35. Rxd6 b5 36. Rxa6 bxc4 37. Ra8 Rxa8 38. Bxa8 c3 39. b4 e4 40. Bxe4 Bd4 41. g4 fxg3 42. hxg3 Kg7 43. Kc2 Kf6 44. Kd3 Bf2 45. g4 Be1 46. b5 Ke5 47. b6 Kd6 48. g5 Bh4 49. f4 Bf2 50. b7 Kc7 51. g6 c2 52. Kxc2 Bd4 53. Kd3 Bf6 54. Kc4 1-0